000 00532nam a22001697a 4500
005 20251108165231.0
008 250721s1982 xx 000 0 ara d
082 1 4 _a332.45/حرب
100 1 _aالبنوي، حربي
245 1 0 _aحوالات العاملين في ضوء واقع هجرة الأردنيين إلى الخارج /
264 1 _aعمان :
_bالبنك المركزي الأردني،
_c1982.
300 _a90ص
650 1 7 _aالنقود
650 1 7 _aالحوالات
942 _2ddc
_cBK
999 _c22832
_d22832